[Event "Olaine Open Rapid 2018"]
[Site "Olaine"]
[Date "2018.11.25"]
[Round "3.1"]
[White "Batashevs, Arsens"]
[Black "Neiksans, Arturs"]
[Result "0-1"]
[WhiteElo "1968"]
[BlackElo "2553"]
[Annotator "TA"]
[PlyCount "93"]
[EventDate "2018.11.24"]
[EventType "swiss"]
[EventCountry "LAT"]

{[%evp 28,93,14,-22,0,0,13,0,0,0,0,-5,-5,-35,-33,-236,-180,-166,-127,-129,-120,-116,-115,-109,-116,-101,-109,-155,-155,-155,-122,-147,-152,-167,-161,-166,-158,-194,-182,-204,-203,-188,-136,-259,-250,-356,-317,-365,-365,-350,-347,-395,-398,-392,-378,-391,-390,-1235,-1248,-1142,-1070,-5535,-5535,-5531,-5531,-5531,-5531,-5531]} 1. Nf3 Nf6 2. c4 b6 3. g3 c5 4. Bg2 Bb7 5. O-O g6 6. b3 Bg7 7. Bb2 O-O 8. d4 cxd4 9. Nxd4 Bxg2 10. Kxg2 Qc8 11. Nc3 Qb7+ 12. f3 d5 13. cxd5 {A30: Symmetrical English: Double Fianchetto and Hedgehog} Nxd5 14. Nxd5 Qxd5 15. Qd3 {LiveBook: 3 Games. The position is equal.} Nd7 $146 {[%cal Bb8d7,Bd7c5,Bc5d3][%mdl 32]} ({Predecessor:} 15... Rd8 16. Rfd1 e5 17. Nb5 Qxd3 18. Rxd3 Rxd3 19. exd3 Nc6 20. a3 Rd8 21. Rd1 Rd7 22. b4 h5 {½-½ (22) Bartell,T (2418)-Kavutskiy,K (2301) Saint Louis 2012}) 16. e4 Qb7 17. Rac1 Nc5 18. Qe2 Rfd8 19. Rfd1 Rd7 20. e5 Rad8 21. Nc2 $2 (21. b4 $15 Na4 22. Ba1) 21... Nd3 $36 {[%mdl 2048] Black is really pushing.} 22. Rb1 Nxb2 23. Rxd7 Qxd7 24. Rxb2 Qd5 25. Nb4 Qxe5 26. Qxe5 Bxe5 27. Nc6 {[#] Black must now prevent Rc2.} Bxb2 28. Nxd8 $17 {[%mdl 4096] Endgame KB-KN} Kf8 29. Nc6 a5 30. Kf2 Ke8 31. Ke3 Kd7 32. Na7 f5 33. Kd3 {[#]} e5 $1 {[%cal Be7e5,Be5e4][%mdl 32]} 34. h3 Bd4 ({Better is} 34... Kd6 $19 35. Nc8+ Kc5) 35. Kc4 (35. Nb5 $17 {keeps fighting.}) 35... Bf2 $19 36. g4 (36. Kd5 $142) 36... fxg4 37. fxg4 e4 38. Nb5 Ke6 39. Nc3 Ke5 40. Ne2 h5 41. gxh5 gxh5 42. a4 $2 (42. a3 Bc5 43. b4 axb4 44. axb4) 42... Bc5 {Black is clearly winning.} 43. Kc3 Kf5 44. Ng3+ Kf4 45. Nxh5+ Kf3 46. Nf6 e3 {( -> ...e2)} 47. Ng4 {Accuracy: White = 33%, Black = 84%.} 0-1

[Event "Olaine Open Rapid 2018"]
[Site "Olaine"]
[Date "2018.11.25"]
[Round "3.2"]
[White "Miezis, Normunds"]
[Black "Kolasa, Pjotrs"]
[Result "1-0"]
[WhiteElo "2477"]
[BlackElo "2108"]
[Annotator "TA"]
[PlyCount "111"]
[EventDate "2018.11.24"]
[EventType "swiss"]
[EventCountry "LAT"]

{[%evp 20,111,0,-15,45,46,206,201,194,109,194,188,191,47,34,-7,74,60,70,64,75,70,73,54,80,46,49,49,37,51,41,45,72,70,135,158,152,34,40,16,70,65,60,63,115,40,160,158,158,155,143,168,155,154,227,228,227,189,216,206,209,210,202,197,185,121,117,48,86,0,16,41,931,950,1640,1435,1841,2091,12841,12842,12842,12842,12844,12844,12845,12845,12846,12844,12845,12845,12845,12846,12846,12845]} 1. c4 e5 2. Nc3 Nf6 3. g3 d5 4. cxd5 Nxd5 5. Bg2 Nb6 6. Nf3 Nc6 7. Rb1 Be6 8. O-O Be7 9. b4 f6 10. a3 O-O 11. Ne4 {LiveBook: 14 Games. A29: English Opening: Four Knights Variation with 4 g3} (11. d3 Nd4 12. Bb2 Nxf3+ 13. Bxf3 c6 14. Ne4 Bd5 15. Bc3 Rf7 16. Bh5 Rf8 17. Bf3 Rf7 18. Bh5 Rf8 19. Bf3 {½-½ (19) Svidler,P (2765)-Matlakov,M (2735) St Petersburg 2017}) 11... Nd7 (11... Ba2 $11 12. Ra1 Bd5) 12. d4 $14 {[%cal Bd2d4,Bd4d5][%mdl 32]} Kh8 $146 (12... Nxd4 $14 13. Nxd4 exd4) ({Predecessor:} 12... Bf5 13. Nh4 Nxd4 14. e3 Bxe4 15. Bxe4 Nc6 16. Bd5+ Kh8 17. b5 Na5 18. Qa4 g5 {0-1 (43) Noroozi,O (2196)-Yusubaliev,U Denizli 2003}) 13. d5 $18 {White is clearly better.} Bf5 14. Nh4 (14. dxc6 $18 Bxe4 15. Nd4 exd4 16. Bxe4 bxc6 17. Qxd4 (17. Bxc6 Rb8 $16)) 14... Bxe4 (14... Nd4 $16 {might work better.}) 15. Bxe4 Nd4 16. e3 ({Better is} 16. Qd3 $1 $18) 16... f5 $14 17. Bg2 (17. d6 {seems wilder.} Bxh4 18. Bxb7 Rb8 19. Bg2 Nb5 20. dxc7 Qxc7 21. gxh4 Nb6 22. Bb2) 17... Bxh4 (17... Nb5 $1 $11) 18. exd4 $16 Bf6 19. dxe5 Nxe5 20. Qc2 Qd7 21. Bf4 Rac8 22. Rfe1 Ng6 23. Be3 f4 24. Bc5 Rfe8 25. Be4 b6 {Hoping for ...Rcd8.} 26. Bf5 Qf7 (26... Qxd5 $14 27. Bxc8 Rxc8) 27. Bxc8 Rxc8 28. Bd6 (28. Qf5 $16 Qg8 29. d6 (29. gxf4 bxc5 30. bxc5 Ne7 $17 {[%mdl 64] Double Attack})) 28... Qd7 $14 29. Bxc7 {Strongly threatening Qc6.} f3 (29... Ne5 $1 $11 30. Qe4 Rxc7) 30. Qe4 {Threatens to win with Rbc1.} (30. Qc6 {gets mated.} Qh3 31. Qe8+ Nf8 32. Qxf8+ Rxf8 33. Kh1 Qg2#) 30... Qxc7 31. Qxf3 h6 {[#]} (31... Ne5 $14 32. Qe3 Rf8) 32. Qf5 (32. d6 $1 $16 {[%mdl 512]} Qd7 (32... Qxd6 33. Qf5) 33. Qe4) 32... Nf8 {[#]} (32... Ne7 $14 33. Qe6 Rd8) 33. d6 $1 $36 {[%cal Rd6c7][%mdl 2560] Keeping Black busy.} Qd7 (33... Qxd6 34. Qxc8) 34. Qxd7 Nxd7 35. Rbc1 Rd8 36. Rc7 Ne5 (36... a6 $16 {keeps fighting.} 37. Ra7 Bb2) 37. Rd1 $18 a5 38. f4 Nf3+ 39. Kg2 Nd4 40. d7 {And now Rc8 would win.} Kh7 41. bxa5 bxa5 {[#]} 42. a4 ({White should try} 42. Kf2 $1 $18) 42... Kg6 $16 43. g4 (43. Ra7 $16) 43... Kf7 $14 44. g5 (44. f5 $16) 44... hxg5 45. fxg5 Be5 $2 {[%mdl 8192]} (45... Ne6 $14 46. Ra7 Bxg5) 46. Rc5 $1 $18 {[%csl LRa5,LRe5] White is clearly winning.} Bd6 47. Rc8 Rxd7 48. Rxd4 {[%mdl 4096] Endgame KRR-KRB} Ke6 49. Rc6 Ke7 50. h4 Bb4 51. Rxd7+ Kxd7 52. Rg6 Bc3 53. Kf3 Ke7 54. Ke4 Kf7 55. Kf5 Bd4 56. Rc6 {Accuracy: White = 55%, Black = 27%.} 1-0

[Event "Olaine Open Rapid 2018"]
[Site "Olaine"]
[Date "2018.11.25"]
[Round "3.3"]
[White "Kolesnikovs, Ivans"]
[Black "Mustaps, Matiss"]
[Result "0-1"]
[WhiteElo "2015"]
[BlackElo "2354"]
[PlyCount "52"]
[EventDate "2018.11.24"]
[EventType "swiss"]
[EventCountry "LAT"]
[TimeControl "600+5"]
[WhiteClock "0:05:54"]
[BlackClock "0:00:15"]

1. d4 {[%emt 0:00:00]} Nf6 {[%emt 0:00:00]} 2. c4 {[%emt 0:00:00]} g6 {[%emt 0:00:00]} 3. Nc3 {[%emt 0:00:00]} Bg7 {[%emt 0:00:00]} 4. e4 {[%emt 0:00:01]} O-O {[%emt 0:00:01]} 5. Nf3 {[%emt 0:00:02]} d6 {[%emt 0:00:00]} 6. Be2 {[%emt 0:00:01]} Na6 {[%emt 0:00:01]} 7. Bg5 {[%emt 0:00:21]} h6 {[%emt 0:00:05]} 8. Bh4 {[%emt 0:00:06]} Nh5 {[%emt 0:00:27]} 9. Qd2 {[%emt 0:01:16]} c5 {[%emt 0:00:23]} 10. d5 {[%emt 0:00:09]} Nc7 {[%emt 0:01:08]} 11. O-O-O {[%emt 0:01:32]} b5 {[%emt 0:00:10]} 12. cxb5 {[%emt 0:00:20]} a6 {[%emt 0:00:01]} 13. b6 {[%emt 0:00:52]} Nb5 {[%emt 0:00:01]} 14. Na4 {[%emt 0:01:18]} Nf6 {[%emt 0:00:23]} 15. e5 {[%emt 0:01:14]} Nd7 {[%emt 0:00:15]} 16. e6 {[%emt 0:00:30]} fxe6 {[%emt 0:00:20]} 17. dxe6 {[%emt 0:00:01]} Nxb6 {[%emt 0:00:32]} 18. Nxb6 {[%emt 0:00:04]} Qxb6 {[%emt 0:00:02]} 19. Bxe7 {[%emt 0:00:04]} Re8 {[%emt 0:00:09]} 20. Bxb5 {[%emt 0:00:44]} axb5 {[%emt 0:01:36]} 21. Qxd6 {[%emt 0:01:21]} Qa7 {[%emt 0:00:06]} 22. Bd8 {[%emt 0:01:15]} Qxa2 {[%emt 0:00:13]} 23. Ne5 {[%emt 0:00:04]} Bxe6 {[%emt 0:00:08]} 24. Rhe1 {[%emt 0:00:21]} Qa1+ {[%emt 0:00:13]} 25. Kc2 {[%emt 0:00:04]} Bf5+ {[%emt 0:00:01]} 26. Kc3 {[%emt 0:00:15]} Ra3+ {[%emt 0:00:01]} 0-1

[Event "Olaine Open Rapid 2018"]
[Site "Olaine"]
[Date "2018.11.25"]
[Round "3.4"]
[White "Berzinsh, Roland"]
[Black "Mierins, Eriks"]
[Result "0-1"]
[WhiteElo "2409"]
[BlackElo "2240"]
[PlyCount "64"]
[EventDate "2018.11.24"]
[EventType "swiss"]
[EventCountry "LAT"]
[TimeControl "600+5"]
[WhiteClock "0:00:35"]
[BlackClock "0:02:53"]

1. d4 {[%emt 0:00:01]} d5 {[%emt 0:00:00]} 2. Bf4 {[%emt 0:00:04]} Nf6 {[%emt 0:00:00]} 3. e3 {[%emt 0:00:01]} e6 {[%emt 0:00:15]} 4. Nf3 {[%emt 0:00:03]} Bd6 {[%emt 0:00:27]} 5. Nbd2 {[%emt 0:00:02]} O-O {[%emt 0:00:07]} 6. Bg3 {[%emt 0:00:08]} c5 {[%emt 0:00:07]} 7. c3 {[%emt 0:00:04]} Nc6 {[%emt 0:00:17]} 8. Bd3 {[%emt 0:00:01]} a6 {[%emt 0:00:07]} 9. Qe2 {[%emt 0:00:14]} b5 {[%emt 0:00:07]} 10. dxc5 {[%emt 0:00:08]} Bxc5 {[%emt 0:00:05]} 11. e4 {[%emt 0:00:01]} dxe4 {[%emt 0:00:07]} 12. Nxe4 {[%emt 0:00:01]} Be7 {[%emt 0:02:31]} 13. Nxf6+ {[%emt 0:00:15]} Bxf6 {[%emt 0:00:01]} 14. Qe4 {[%emt 0:00:34]} g6 {[%emt 0:00:01]} 15. Qxc6 {[%emt 0:00:02]} Qxd3 {[%emt 0:00:02]} 16. Rd1 {[%emt 0:00:02]} Bd7 {[%emt 0:00:22]} 17. Qxd7 {[%emt 0:00:09]} Qe4+ {[%emt 0:00:01]} 18. Kd2 {[%emt 0:01:54]} Rad8 {[%emt 0:00:11]} 19. Kc1 {[%emt 0:00:01]} Rxd7 {[%emt 0:00:20]} 20. Rxd7 {[%emt 0:00:02]} Bg7 {[%emt 0:00:17]} 21. Ng5 {[%emt 0:00:45]} Bh6 {[%emt 0:00:16]} 22. h4 {[%emt 0:00:01]} f6 {[%emt 0:01:39]} 23. Rxh7 {[%emt 0:00:22]} Qxg2 {[%emt 0:00:27]} 24. Rh2 {[%emt 0:01:54]} Qf1+ {[%emt 0:01:22]} 25. Kc2 {[%emt 0:00:01]} Qe2+ {[%emt 0:00:03]} 26. Kb3 {[%emt 0:00:11]} Bg7 {[%emt 0:01:57]} 27. Rxg7+ {[%emt 0:01:18]} Kxg7 {[%emt 0:00:02]} 28. Nh3 {[%emt 0:00:02]} a5 {[%emt 0:00:17]} 29. Ka3 {[%emt 0:00:20]} b4+ {[%emt 0:00:11]} 30. cxb4 {[%emt 0:00:04]} axb4+ {[%emt 0:00:01]} 31. Kb3 {[%emt 0:00:01]} e5 {[%emt 0:00:22]} 32. h5 {[%emt 0:01:01]} Rc8 {[%emt 0:00:03]} 0-1

[Event "Olaine Open Rapid 2018"]
[Site "Olaine"]
[Date "2018.11.25"]
[Round "3.5"]
[White "Bolsakovs, Vadims"]
[Black "Ramma, Kaspars"]
[Result "0-1"]
[WhiteElo "2164"]
[BlackElo "2107"]
[PlyCount "96"]
[EventDate "2018.11.24"]
[EventType "swiss"]
[EventCountry "LAT"]
[TimeControl "600+5"]
[WhiteClock "0:00:18"]
[BlackClock "0:00:07"]

1. d4 {[%emt 0:00:00]} d5 {[%emt 0:00:00]} 2. Nf3 {[%emt 0:00:01]} Nf6 {[%emt 0:00:00]} 3. c4 {[%emt 0:00:01]} c6 {[%emt 0:00:02]} 4. e3 {[%emt 0:00:03]} a6 {[%emt 0:00:05]} 5. Nc3 {[%emt 0:00:02]} Bf5 {[%emt 0:00:04]} 6. h3 {[%emt 0:00:42]} e6 {[%emt 0:00:25]} 7. Be2 {[%emt 0:01:38]} Nbd7 {[%emt 0:00:14]} 8. O-O {[%emt 0:00:17]} h6 {[%emt 0:00:15]} 9. b3 {[%emt 0:00:49]} Bd6 {[%emt 0:00:18]} 10. Bb2 {[%emt 0:00:20]} O-O {[%emt 0:00:20]} 11. Nh4 {[%emt 0:02:48]} Bh7 {[%emt 0:00:24]} 12. f4 {[%emt 0:00:12]} Ne4 {[%emt 0:00:33]} 13. Qe1 {[%emt 0:00:21]} Bb4 {[%emt 0:00:28]} 14. Nf3 {[%emt 0:00:40]} Qa5 {[%emt 0:00:30]} 15. Rc1 {[%emt 0:00:08]} Bxc3 {[%emt 0:00:35]} 16. Bxc3 {[%emt 0:00:01]} Nxc3 {[%emt 0:00:17]} 17. Qxc3 {[%emt 0:00:57]} Qxa2 {[%emt 0:01:03]} 18. Rf2 {[%emt 0:01:44]} Qa3 {[%emt 0:00:56]} 19. c5 {[%emt 0:00:33]} a5 {[%emt 0:00:13]} 20. Bd1 {[%emt 0:00:15]} Qb4 {[%emt 0:00:29]} 21. Ra2 {[%emt 0:00:01]} Qxc3 {[%emt 0:01:14]} 22. Rxc3 {[%emt 0:00:00]} Ra7 {[%emt 0:00:48]} 23. b4 {[%emt 0:00:16]} axb4 {[%emt 0:01:15]} 24. Rxa7 {[%emt 0:00:00]} bxc3 {[%emt 0:00:01]} 25. Rxb7 {[%emt 0:00:01]} Nf6 {[%emt 0:00:44]} 26. Ne5 {[%emt 0:00:10]} c2 {[%emt 0:00:19]} 27. Bxc2 {[%emt 0:00:01]} Bxc2 {[%emt 0:00:02]} 28. Nxc6 {[%emt 0:00:01]} Ra8 {[%emt 0:00:13]} 29. Ne5 {[%emt 0:00:10]} Be4 {[%emt 0:00:12]} 30. c6 {[%emt 0:00:08]} Ra1+ {[%emt 0:00:03]} 31. Kf2 {[%emt 0:00:04]} Ra2+ {[%emt 0:00:17]} 32. Ke1 {[%emt 0:00:01]} Rc2 {[%emt 0:00:06]} 33. c7 {[%emt 0:00:11]} Kh7 {[%emt 0:00:02]} 34. Nxf7 {[%emt 0:00:01]} Ne8 {[%emt 0:00:04]} 35. Ne5 {[%emt 0:00:12]} Rxc7 {[%emt 0:00:04]} 36. Rb6 {[%emt 0:00:01]} Nf6 {[%emt 0:00:09]} 37. g4 {[%emt 0:00:02]} Rc1+ {[%emt 0:00:05]} 38. Kd2 {[%emt 0:00:03]} Rc2+ {[%emt 0:00:01]} 39. Kd1 {[%emt 0:00:02]} Rh2 {[%emt 0:00:02]} 40. Rxe6 {[%emt 0:00:13]} Rxh3 {[%emt 0:00:03]} 41. Kd2 {[%emt 0:00:07]} Rg3 {[%emt 0:00:08]} 42. Re7 {[%emt 0:00:07]} Nxg4 {[%emt 0:00:07]} 43. Nd7 {[%emt 0:00:04]} Kg6 {[%emt 0:00:16]} 44. Nf8+ {[%emt 0:00:03]} Kh5 {[%emt 0:00:07]} 45. Rxg7 {[%emt 0:00:04]} Kh4 {[%emt 0:00:02]} 46. Ne6 {[%emt 0:00:08]} Nxe3 {[%emt 0:00:05]} 47. Rxg3 {[%emt 0:00:03]} Nc4+ {[%emt 0:00:01]} 48. Ke2 {[%emt 0:00:07]} Kxg3 {[%emt 0:00:01]} 0-1

[Event "Olaine Open Rapid 2018"]
[Site "Olaine"]
[Date "2018.11.25"]
[Round "3.6"]
[White "Lavendelis, Egons"]
[Black "Pavlovs, Sergejs"]
[Result "1-0"]
[WhiteElo "2290"]
[BlackElo "1978"]
[PlyCount "67"]
[EventDate "2018.11.24"]
[EventType "swiss"]
[EventCountry "LAT"]
[TimeControl "600+5"]
[WhiteClock "0:00:11"]
[BlackClock "0:00:21"]

1. e4 {[%emt 0:00:00]} d5 {[%emt 0:00:01]} 2. exd5 {[%emt 0:00:00]} Qxd5 {[%emt 0:00:04]} 3. Nc3 {[%emt 0:00:01]} Qa5 {[%emt 0:00:11]} 4. d4 {[%emt 0:00:13]} Nf6 {[%emt 0:00:02]} 5. Bc4 {[%emt 0:00:01]} c6 {[%emt 0:00:27]} 6. Nge2 {[%emt 0:00:03]} Bf5 {[%emt 0:00:27]} 7. O-O {[%emt 0:00:06]} e6 {[%emt 0:00:08]} 8. Ng3 {[%emt 0:00:02]} Bb4 {[%emt 0:02:23]} 9. Nxf5 {[%emt 0:00:07]} Qxf5 {[%emt 0:00:07]} 10. Ne2 {[%emt 0:00:16]} h5 {[%emt 0:00:39]} 11. Bd3 {[%emt 0:00:19]} Qa5 {[%emt 0:02:20]} 12. c4 {[%emt 0:00:13]} Be7 {[%emt 0:00:57]} 13. Bf4 {[%emt 0:00:18]} g5 {[%emt 0:00:23]} 14. Be5 {[%emt 0:01:24]} Nbd7 {[%emt 0:00:07]} 15. f4 {[%emt 0:00:02]} Rg8 {[%emt 0:01:13]} 16. a3 {[%emt 0:00:42]} Ng4 {[%emt 0:00:22]} 17. b4 {[%emt 0:00:22]} Qd8 {[%emt 0:00:01]} 18. Bh7 {[%emt 0:00:46]} Ndxe5 {[%emt 0:00:56]} 19. fxe5 {[%emt 0:01:16]} Rg7 {[%emt 0:00:11]} 20. Qd3 {[%emt 0:00:05]} Qd7 {[%emt 0:00:15]} 21. Be4 {[%emt 0:00:25]} O-O-O {[%emt 0:00:04]} 22. Rad1 {[%emt 0:00:49]} f5 {[%emt 0:00:08]} 23. exf6 {[%emt 0:00:22]} Nxf6 {[%emt 0:00:05]} 24. Nc3 {[%emt 0:00:18]} g4 {[%emt 0:00:11]} 25. Qe3 {[%emt 0:00:26]} Nxe4 {[%emt 0:00:08]} 26. Nxe4 {[%emt 0:00:09]} Rf8 {[%emt 0:00:04]} 27. Rxf8+ {[%emt 0:00:27]} Bxf8 {[%emt 0:00:01]} 28. Re1 {[%emt 0:01:29]} Rg6 {[%emt 0:00:02]} 29. Ng3 {[%emt 0:00:36]} Bg7 {[%emt 0:00:14]} 30. Ne2 {[%emt 0:00:02]} Qf7 {[%emt 0:00:12]} 31. d5 {[%emt 0:00:24]} exd5 {[%emt 0:00:03]} 32. cxd5 {[%emt 0:00:01]} Bh6 {[%emt 0:00:07]} 33. Qe5 {[%emt 0:00:26]} cxd5 {[%emt 0:00:01]} 34. Rf1 {[%emt 0:00:19]} 1-0

[Event "Olaine Open Rapid 2018"]
[Site "Olaine"]
[Date "2018.11.25"]
[Round "4.1"]
[White "Neiksans, Arturs"]
[Black "Rogule, Laura"]
[Result "1-0"]
[WhiteElo "2553"]
[BlackElo "2263"]
[Annotator "TA"]
[PlyCount "127"]
[EventDate "2018.11.24"]
[EventType "swiss"]
[EventCountry "LAT"]

{[%evp 15,127,37,62,55,42,49,56,44,43,37,44,47,58,31,39,60,72,85,80,64,137,30,72,-39,-43,-32,23,25,18,0,0,6,171,177,232,0,0,0,345,0,0,-5,-4,-4,0,-2,0,-4,0,0,0,-17,0,0,0,-14,0,-6,0,-10,0,-7,-8,-7,0,-9,0,0,0,0,0,-10,0,0,72,0,28,0,0,0,691,0,0,0,0,0,107,0,0,0,0,0,0,0,0,0,0,0,0,0,29958,701,6079,5907,29979,29982,29989,29985,29985,29986,29987,29987,29987,29988]} 1. e4 c5 2. Nf3 Nc6 3. Bb5 g6 4. Bxc6 bxc6 5. d4 Bg7 6. dxc5 {B31: Sicilian: 2...Nc6 3 Bb5 g6} Qa5+ 7. Nbd2 Ba6 8. Rb1 (8. a3 Qxc5 9. c4 Nf6 10. b4 Qb6 11. O-O O-O 12. Bb2 d6 13. Qc2 {1-0 (35) Nepomniachtchi,I (2759)-Dubov,D (2703) Sochi 2018}) 8... Qxc5 {[#] LiveBook: 4 Games} 9. c4 $1 {[%mdl 512]} Qa5 $146 ({Don't go for} 9... Bxc4 $2 10. Qc2 $18) ({Predecessor:} 9... Nf6 10. b4 Qb6 11. O-O d6 12. Bb2 O-O 13. Bd4 {1-0 (33) Santos Latasa,J (2546)-Luch,M (2396) Lisbon 2018}) 10. b4 Qc7 11. Bb2 (11. O-O {seems wilder.} Nf6 12. Qa4 Bb7 13. Bb2 O-O 14. Rfe1) 11... Bxb2 12. Rxb2 d6 13. O-O Nf6 14. Re1 O-O 15. e5 dxe5 16. Nxe5 c5 17. Qa4 Qb6 (17... Bc8 $14) 18. Nc6 (18. b5 $16 Bb7 19. Nb3) 18... e6 19. Nb3 (19. Ne5 $16) 19... Bxc4 $15 20. bxc5 {[%cal Bb4c5,Bc5c6][%mdl 32]} Qb5 (20... Bxb3 $1 $15 21. axb3 Qxc5) 21. Qxb5 $11 Bxb5 22. Ne7+ Kg7 23. Nd4 Bd7 $2 {[#]} (23... a6 $11) 24. c6 $1 $18 Rfe8 (24... Bc8 $142 25. c7 Bd7) 25. Nxg6 $2 ({White must play} 25. cxd7 $18 Rxe7 26. d8=B {[%mdl 64] Decoy} Rxd8 27. Nc6 {[%mdl 64] Double Attack}) 25... hxg6 $11 26. cxd7 Re7 $2 {[%mdl 8192]} (26... Red8 $11 {and Black is okay.}) 27. Nc6 $2 (27. d8=Q $18 Rxd8 28. Nc6 {[%mdl 64] Double Attack}) 27... Rxd7 28. g3 Rc8 29. Ne5 Rdc7 30. Reb1 Nd5 31. Rb7 Nb6 (31... g5 {keeps more tension.} 32. h3 Kf6 33. Ng4+ Ke7 34. Ne5 Nc3) 32. Rxc7 Rxc7 {[%mdl 4096] Endgame KRN-KRN} 33. Rb2 f6 34. Nd3 e5 35. Nb4 Kf7 36. h4 Ke6 37. Kg2 Nc4 38. Re2 a5 39. Nd3 Kd5 40. g4 Kd4 41. Ne1 e4 42. Kg3 Ne5 43. Ng2 Rc3+ 44. Ne3 Kd3 {[#]} (44... Rc1 $11) 45. Re1 ({Better is} 45. Nd5 $1 $16 Rc6 46. Rb2) 45... Kd2 46. Rd1+ Ke2 47. Rd6 Nc4 $2 {[%mdl 8192]} (47... f5 $11 48. gxf5 gxf5) 48. Rxf6 $2 (48. Rc6 $18) 48... Nxe3 49. fxe3 Rxe3+ $18 {KR-KR} 50. Kg2 Rf3 (50... Ra3 $11) 51. Rxg6 ({White has to play} 51. g5 $16) 51... e3 $11 52. h5 Rf2+ 53. Kg3 Rf3+ 54. Kg2 Rf2+ 55. Kg3 {aiming for g5.} Kf1 56. Re6 e2 57. h6 {And now h7 would win.} e1=Q $4 {[%mdl 8192]} ({But not} 57... Rf7 $2 58. g5 $18) (57... Rg2+ $11 58. Kh3 Rg1) 58. Rxe1+ Kxe1 59. h7 Rxa2 60. h8=Q {KQ-KR. White mates.} a4 61. Qc3+ Kd1 62. g5 a3 63. Qb3+ Rc2 64. Qxa3 {Accuracy: White = 39%, Black = 46%.} 1-0

[Event "Olaine Open Rapid 2018"]
[Site "Olaine"]
[Date "2018.11.25"]
[Round "4.2"]
[White "Levchenkov, Vitaly"]
[Black "Miezis, Normunds"]
[Result "1-0"]
[WhiteElo "2150"]
[BlackElo "2477"]
[Annotator "TA"]
[PlyCount "105"]
[EventDate "2018.11.24"]
[EventType "swiss"]
[EventCountry "LAT"]

{[%evp 13,105,0,11,0,6,0,1,0,8,0,6,0,76,78,87,69,67,86,116,0,0,0,0,-48,499,491,1181,1175,29988,5514,5207,5215,5818,371,333,333,5473,1391,4898,1766,29977,29978,29978,29979,29979,29980,29988,5318,5281,825,817,787,723,693,710,664,915,846,943,892,1355,1239,1055,1221,1207,1164,1116,1030,1260,1256,4751,5143,2764,4595,1932,1818,29981,29982,29982,29983,29982,29982,29981,29982,29983,29984,29985,29986,29987,29988,29988,29989,29994,29990]} 1. e4 c5 2. Nf3 e6 3. d4 cxd4 4. Nxd4 a6 5. c4 Nf6 6. Bd3 Nc6 7. Be3 d5 {LiveBook: 4 Games. B41: Sicilian: Kan Variation: 5 c4} (7... Ne5 {is interesting.} 8. f4 Bb4+ 9. Nc3 Nxd3+ 10. Qxd3 b5) (7... Bb4+ 8. Nc3 Bxc3+ 9. bxc3 Ne5 10. f4 Nxd3+ 11. Qxd3 d6 12. Nf3 O-O 13. e5 dxe5 14. Qxd8 Rxd8 15. Nxe5 Ne4 16. Bb6 {0-1 (69) Czebe,A (2473)-Prusikin,M (2540) Steinbrunn 2005}) 8. cxd5 exd5 9. exd5 $146 ({Predecessor:} 9. Nxc6 bxc6 10. Qc2 Bd7 11. O-O Bd6 12. f4 dxe4 13. Bxe4 Nxe4 14. Qxe4+ Qe7 15. Nc3 {½-½ (35) Hulgana,G-Asenova,V Skopje 1972}) 9... Nxd5 {The position is equal.} 10. Nxc6 bxc6 11. Be4 Bd6 12. O-O Bxh2+ (12... O-O $11 {remains equal.} 13. Bxd5 cxd5) 13. Kxh2 $16 Qh4+ {[%mdl 64] Double Attack} 14. Kg1 Qxe4 15. Bc5 $36 {[%mdl 2048] And now Re1 would win. White is really pushing.} Be6 {[#] ...Nf4 is the strong threat.} 16. Nc3 (16. Nd2 $1 $16 {[%cal Rd2e4]} Qf4 17. Re1) 16... Nxc3 17. bxc3 {White wants to mate with Qd6.} Rd8 18. Qc1 {Hoping for Qg5.} Qc4 $2 {[%mdl 8192]} (18... f6 $15) 19. Qg5 $18 {[%csl Gc5][%cal Rg5e7]} Kd7 (19... Rd7 $142 20. Qxg7 {[%mdl 64] Trapped Piece} Qxc5) 20. Rab1 {White threatens Qe7+ and mate.} f6 21. Rb7+ (21. Qxg7+ $142 Bf7 22. Qxf6 Qe6 23. Qf4 Bh5 24. Rfe1 Rb8 25. Qd4+ Kc7 26. Qg7+ Kc8 27. Rxb8+ Kxb8 28. Rxe6 Bg6 29. Qxh8+ Be8 30. Rxe8+ Kc7 31. Qxh7#) 21... Kc8 22. Qxg7 {[%csl Gb7][%cal Rg7c7]} Bd7 {[#]} 23. Rxd7 $2 (23. Rd1 $3 {[%cal Rd1d7][%mdl 512]} Rhe8 24. Rbxd7) 23... Rxd7 24. Qxh8+ Kc7 $2 (24... Rd8 25. Qxh7 Qxc5) 25. Bd4 c5 26. Bxf6 Qe4 27. Be5+ Kb6 28. Qb8+ Rb7 29. Qd6+ Kb5 30. Bg3 (30. Rc1 $142 Qxe5 31. Qxe5 Ka5 32. Qxc5+ Rb5 33. Qd4 h6 34. Re1 h5 35. Re5 h4 36. a4 h3 37. Rxb5+ axb5 38. Qa7#) 30... a5 31. Qe5 Qxe5 32. Bxe5 {[%mdl 4096] Endgame KRB-KR} Kc4 33. f3 {[%cal Bf2f3,Bf3f4][%mdl 32]} a4 34. Rf2 a3 35. g4 Kd3 36. f4 Rb2 {[#]} 37. c4 $1 Rb7 (37... Kxc4 38. Bxb2) 38. Rf3+ Kxc4 39. Rxa3 Kd5 40. Kg2 c4 41. Kf3 Kc5 42. Ke4 Rb1 43. Ra8 {Rc8+ would kill now.} Re1+ 44. Kf5 h6 45. g5 {White mates.} hxg5 46. fxg5 Rf1+ 47. Ke6 Rg1 48. Bf6 Kb4 49. Rc8 Rg2 50. Kf7 Rxa2 51. g6 Rf2 52. g7 c3 53. Rxc3 {Accuracy: White = 32%, Black = 11%.} 1-0